Normal view
MARC view
- كحالة،جبرائيل /م.مشارك: عماد يوسف الشيخ
Entry Personal Name
001 - CONTROL NUMBER
- control field: 29532
003 - CONTROL NUMBER IDENTIFIER
- control field: JO-AjAnu
005 - DATE AND TIME OF LATEST TRANSACTION
- control field: 20230606075006.0
008 - FIXED-LENGTH DATA ELEMENTS
- fixed length control field: 230606|| aca||aabn | a|a d
040 ## - CATALOGING SOURCE
- Original cataloging agency: JO-AjAnu
- Transcribing agency: JO-AjAnu
100 ## - HEADING--PERSONAL NAME
- Personal name: كحالة،جبرائيل /م.مشارك: عماد يوسف الشيخ
670 ## - SOURCE DATA FOUND
- Source citation: Work cat.: (JO-AjAnu)15163: كحالة،جبرائيل /م.مشارك: عماد يوسف الشيخ, author, مبادئ المحاسبة، ج1